Statistics for 10 Countries With The Most Registered Football Clubs

Click here to take the quiz!

General Stats

  • This quiz has been taken 1,716 times
  • The average score is 8 of 10

Answer Stats

Football Clubs Country % Correct
42,000United Kingdom
98%
10,240Spain
95%
26,760Germany
95%
21,629France
93%
12,987Brazil
91%
20,961Italy
88%
43,700Russia
85%
13,047Japan
62%
51,944South Africa
44%
15,000Uzbekistan
9%

Score Distribution

Percentile by Number Answered

Percent of People with Each Score

Your Score History

You have not taken this quiz